| 000 | 00406nam a22001217a 4500 | ||
|---|---|---|---|
| 999 |
_c9470 _d9470 |
||
| 003 | OSt | ||
| 008 | 201203b ||||| |||| 00| 0 eng d | ||
| 245 | _aIndian Journal Of Fiber And Textile Research | ||
| 250 | _a2004( Mar Vol.29 No.1, Jun Vol.29 No.2, Sep Vol.29 No.3, Dec Vol.29 No.4 ) | ||
| 260 |
_aNew Delhi _bNational Instt. Of Sci. Comm. And Info. Res. |
||
| 650 | _aTextile Engineering | ||
| 942 |
_2ddc _cBV |
||